[Event "World Amateur-ch (Women)"]
[Site "Chalkidiki"]
[Date "2015.04.21"]
[Round "9"]
[White "Aparajita, Gochhikar"]
[Black "Gupta, Niti"]
[Result "1-0"]
[WhiteElo "1800"]
[BlackElo "1415"]
[PlyCount "95"]
[EventDate "2015.04.14"]
[EventType "team-swiss"]
[EventRounds "9"]
[EventCountry "GRE"]
[SourceTitle "CBM 166 Extra"]
[Source "ChessBase"]
[SourceDate "2015.06.18"]
[SourceVersion "1"]
[SourceVersionDate "2015.06.18"]
[SourceQuality "1"]

1. e4 b6 2. d4 Bb7 3. Bd3 Nc6 4. c3 e5 5. d5 Nce7 6. Nf3 d6 7. Bb5+ c6 8. dxc6 Bxc6 9. Bxc6+ Nxc6 10. c4 Nge7 11. Nc3 f5 12. Nb5 Nd4 13. Nfxd4 exd4 14. Qxd4 Nc6 15. Qd5 Rc8 16. Qe6+ Be7 17. Nxd6+ Qxd6 18. Qxc8+ Bd8 19. Qxf5 Qb4+ 20. Bd2 Qxb2 21. Qe6+ Ne7 22. Rd1 Rf8 23. 0-0 Rf6 24. Qd7+ Kxd7 25. Bc3+ Ke8 26. Bxb2 Rc6 27. Bxg7 Rxc4 28. Rd4 Rc2 29. Rfd1 Nc6 30. R4d2 Rc4 31. f3 b5 32. Kf1 Bb6 33. Ke2 a5 34. Rb1 b4 35. Kd3 Rc3+ 36. Bxc3 bxc3 37. Kxc3 Bc7 38. Rb7 Be5+ 39. Kc4 Nb4 40. Rxb4 axb4 41. Kxb4 Ke7 42. a4 h5 43. a5 Bxh2 44. Kb5 Bg1 45. Kc6 h4 46. a6 Be3 47. Rd3 Bf2 48. Kb7 1-0